Statistics for Top 15 Countries with Covid-19 Deaths - 23 December

Click here to take the quiz!

General Stats

  • This quiz has been taken 24 times
  • The average score is 15 of 22

Answer Stats

country% Correct
India
100%
United Kingdom
100%
United States
100%
Brazil
95%
Italy
95%
Mexico
95%
France
90%
Spain
90%
Germany
85%
Russia
80%
Belgium
75%
Iran
75%
Peru
75%
Colombia
70%
Argentina
65%
Poland
65%
Bosnia and
Herzegovina
35%
Slovenia
35%
Czechia
30%
North Macedonia
25%
Armenia
10%
Bulgaria
10%

Score Distribution

Percentile by Number Answered

Percent of People with Each Score

Your Score History

You have not taken this quiz